书目信息 |
| 题名: |
庭院深深:3DS MAX 再造北京四合院(配光盘)
|
|
| 作者: | 方云飞 主编 | |
| 分册: | ||
| 出版信息: | 北京 电子工业出版社 2002.01 |
|
| 页数: | 361页 | |
| 开本: | 26cm | |
| 丛书名: | ||
| 单 册: | ||
| 中图分类: | TU241.1:TP | |
| 科图分类: | ||
| 主题词: | 民用建筑--建筑设计 | |
| 电子资源: | ||
| ISBN: | 7-5053-7323-4 | |
| 000 | 00642nam0 2200193 45 | |
| 001 | 0236496114 | |
| 005 | 20120220160656.48 | |
| 010 | @a7-5053-7323-4@dRMB 40.00 | |
| 100 | @a20020520d2002 km y0chiy0120 ea | |
| 101 | 0 | @achi |
| 102 | @aCN@b110000 | |
| 200 | 1 | @a庭院深深:3DS MAX 再造北京四合院(配光盘)@ATing Yuan Shen Shen:3DS MAX Zai Zao Bei Jing Si He Yuan(Pei Guang Pan)@f方云飞主编@FFang Yun Fei Zhu Bian |
| 210 | @a北京@c电子工业出版社@d2002.01 | |
| 215 | @a361页@d26cm | |
| 606 | 0 | @a民用建筑@x建筑设计 |
| 690 | @aTU241.1:TP@v3 | |
| 701 | 0 | @a方云飞@AFang Yun Fei@4主编 |
| 801 | 0 | @aCN@bPFT@c20020520 |
| 905 | @a安徽大学@dTU241.1:TP@eF261 | |
| 庭院深深:3DS MAX 再造北京四合院(配光盘)/方云飞主编.-北京:电子工业出版社,2002.01 |
| 361页;26cm |
| ISBN 7-5053-7323-4:RMB 40.00 |
| ● |
| 相关链接 |
|
|
|
正题名:庭院深深:3DS MAX 再造北京四合院(配光盘)
索取号:TU241.1:TP/F261
 
预约/预借
| 序号 | 登录号 | 条形码 | 馆藏地/架位号 | 状态 | 备注 |
| 1 | 354211 | 203542112 | 建筑库101/101建筑库 64排4列2层/ [索取号:TU241.1:TP/F261] | 在馆 | |
| 2 | 475490 | 204754907 | 建筑库101/101建筑库 64排4列2层/ [索取号:TU241.1:TP/F261] | 在馆 |